000 00349nam a22001337a 4500
020 _qHB.
040 _cFIZZA ISHAQ
082 _a624.2
_bWAI
100 _aDUAN,LIAN CHEN FAH WAI.
_990194
245 _aHAND BOOK INTERNATIONAL BRIDGE ENGINEERING /
_cWAI FAH CHEN LIAN DUAN.
260 _aNEW YORK ;
_c2014.
300 _a1376 P. ;
942 _2ddc
_cBK
999 _c588557
_d588557